000 00527pab a2200193 454500
008 180718b2013 xxu||||| |||| 00| 0 eng d
100 _aMarwah, Reena
245 _aPromotion of a sustainable research culture in higher education institutions: Role of statutory bodies like ICSSR
260 _c2013
300 _ap.126-133.
362 _a29 Apr
650 _aICSSR
650 _aResearch
650 _aHigher education
650 _aEducational research
773 _aUniversity News
908 _aN
909 _a98967
999 _c98966
_d98966